006020000a2200157000450024501080000065000270010865000180013565000290015365000290018265100140021165300300022565300420025504100140029710000270031177301060033810aFrugivoría en murciélagos: el frutero común () en las Yungas de Jujuy, Argentina14aHábitos alimentarios14aMurciélagos14aDispersión de semillas14aRelación planta-animal 4pArgentina gSturniraeSturnira lilium fSolanaceaegSolanumeSolanum riparium0 aEspañol1 aIudica, Carlos Alberto1 tInvestigación, Conservación y Desarrollo en Selvas Subtropicales de Montaña3576q123-128d1995